000 00571nam a2200229Ia 4500
003 OSt
005 20221005121447.0
006 a|||||r|||| 00| 0
007 ta
008 221004b |||||||| |||| 00| 0 mal d
024 _a58727
037 _cTextual
040 _aCRL
_cCRL
_bmal
041 _2mal
_amal
082 _aU8.2.D6, 32K1
100 _aPillai Balakrishna Au.
_9630643
245 0 _aHieun tsang
260 _c1961
650 _aGEOGRAPHY
942 _hU8.2.D6, 32K1
_cTEXL
_2cc
999 _c1041215
_d1041215